000 00534nam a2200229Ia 4500
003 OSt
005 20220912144338.0
006 a|||||r|||| 00| 0
007 ta
008 220909b |||||||| |||| 00| 0 eng d
020 _aSL0748088
024 _a196058
037 _cTextual
040 _aCSL
_beng
_cCSL
041 _aeng
082 _aI, L9;M0
100 _aBilgrami K S
245 0 _aFundamentals of botany
700 _aBilgrami K S
942 _hI, L9;M0
_cTEXL
_2CC
999 _c5591
_d5591